[Event "Asker Autumn Master"]
[Site "Asker"]
[Date "2017.10.23"]
[Round "6"]
[White "Lilleseth, Eivind"]
[Black "Heggelund, Audun"]
[Result "1/2-1/2"]
[WhiteElo "1659"]
[BlackElo "1656"]
[PlyCount "127"]
[EventDate "2017.08.28"]
[EventType "swiss"]
[EventRounds "9"]
[EventCountry "NOR"]
[SourceTitle "EXT 2024"]
[Source "ChessBase"]
[SourceDate "2023.10.10"]
[SourceVersion "1"]
[SourceVersionDate "2023.10.10"]
[SourceQuality "1"]

1. f4 f5 2. Nf3 Nf6 3. g3 e6 4. Bg2 Be7 5. b3 Nc6 6. Bb2 b6 7. d3 0-0 8. Nbd2 Bb7 9. 0-0 Ng4 10. Qc1 Ne3 11. Re1 Nxg2 12. Kxg2 Qe8 13. e4 Qg6 14. e5 h5 15. d4 h4 16. Kf2 hxg3+ 17. hxg3 Kf7 18. a3 Rh8 19. Rg1 Rh3 20. c4 Qg4 21. Qc3 Rg8 22. b4 Nd8 23. d5 g5 24. Qd3 gxf4 25. gxf4 Rg3 26. Rxg3 Qxg3+ 27. Ke2 Qxf4 28. Rg1 Rxg1 29. Nxg1 Qh2+ 30. Kf1 Bh4 31. dxe6+ Kxe6 32. Qe2 Qxe2+ 33. Kxe2 Nf7 34. Ngf3 Bg3 35. Nd4+ Kxe5 36. Nb5+ Ke6 37. Nxa7 c6 38. Nf3 Bb8 39. Nd4+ Ke7 40. Nxf5+ Ke8 41. Nxc6 Bxc6 42. Ke3 Be5 43. Bxe5 Nxe5 44. Nd6+ Kd8 45. Kd4 Ng6 46. c5 b5 47. Nf5 Ke8 48. Ne3 Kf7 49. Nc2 Ke6 50. Ke3 Kd5 51. Kd3 Ne5+ 52. Kc3 Nc4 53. Kb3 Ke4 54. a4 Kd3 55. Ne1+ Kd2 56. axb5 Bxb5 57. Nf3+ Ke3 58. Ne1 Ne5 59. Nc2+ Kd2 60. Nd4 Bc4+ 61. Ka4 Kd3 62. Nf5 Ke4 63. Nd6+ Kd5 64. Nf5 1/2-1/2

[Event "Asker CC-ch Master"]
[Site "Asker"]
[Date "2017.04.03"]
[Round "8"]
[White "Utseth, Mikhail"]
[Black "Heggelund, Audun"]
[Result "1/2-1/2"]
[WhiteElo "1646"]
[BlackElo "1665"]
[PlyCount "124"]
[EventDate "2017.01.09"]
[EventType "tourn"]
[EventRounds "9"]
[EventCountry "NOR"]
[SourceTitle "EXT 2024"]
[Source "ChessBase"]
[SourceDate "2023.10.10"]
[SourceVersion "1"]
[SourceVersionDate "2023.10.10"]
[SourceQuality "1"]

1. d4 f5 2. e3 Nf6 3. Nc3 e6 4. a3 b6 5. Nf3 Bb7 6. Be2 Be7 7. Ne5 0-0 8. Bf3 d5 9. Ne2 Nbd7 10. Nf4 Qc8 11. Nxe6 Nxe5 12. dxe5 Qxe6 13. exf6 Bxf6 14. 0-0 Rad8 15. c3 Rfe8 16. Qb3 c6 17. Bd2 Re7 18. Rfe1 Ba6 19. Rac1 Qd7 20. Qc2 Be5 21. b3 Qd6 22. g3 g6 23. Red1 Bb7 24. a4 a5 25. Be1 c5 26. e4 fxe4 27. Bxe4 Qc7 28. Bg2 d4 29. cxd4 Bxd4 30. Qc4+ Kf8 31. Bd2 Bxg2 32. Kxg2 Qc6+ 33. Kg1 Qe6 34. Bh6+ Kg8 35. Qc2 Qf6 36. Be3 Red7 37. Qe2 Qe6 38. Rd3 Qf6 39. h4 Qf5 40. Kg2 Bxe3 41. Rxe3 Rd3 42. Re5 Qf7 43. Re7 Qf6 44. Re1 Rd2 45. Re8+ Rxe8 46. Qxe8+ Qf8 47. Qe6+ Qf7 48. Qe3 Rb2 49. Rd1 Rxb3 50. Rd8+ Kg7 51. Qe5+ Kh6 52. f4 Qf5 53. Qe2 Qf6 54. Rd2 Qc6+ 55. Kh2 Qf3 56. Qxf3 Rxf3 57. Rb2 Ra3 58. Rxb6 Rxa4 59. Rb5 c4 60. Rc5 Kg7 61. Kg2 h5 62. Kh3 Kh6 1/2-1/2

[Event "Asker CC-ch Master"]
[Site "Asker"]
[Date "2017.03.06"]
[Round "5"]
[White "Grondahl, David A"]
[Black "Heggelund, Audun"]
[Result "1/2-1/2"]
[WhiteElo "1676"]
[BlackElo "1665"]
[PlyCount "58"]
[EventDate "2017.01.09"]
[EventType "tourn"]
[EventRounds "9"]
[EventCountry "NOR"]
[SourceTitle "EXT 2024"]
[Source "ChessBase"]
[SourceDate "2023.10.10"]
[SourceVersion "1"]
[SourceVersionDate "2023.10.10"]
[SourceQuality "1"]

1. e4 e5 2. Nf3 Nc6 3. d4 exd4 4. Nxd4 Nge7 5. Bc4 Nxd4 6. Qxd4 Nc6 7. Qd5 Qf6 8. Bg5 Qe6 9. 0-0 Nb4 10. Qb5 a6 11. Qxb4 Bxb4 12. Bxe6 fxe6 13. Nd2 0-0 14. c3 Bc5 15. Nb3 Ba7 16. e5 Rf5 17. Bd8 Rxe5 18. Bxc7 Re2 19. Rab1 b5 20. Nd4 Re4 21. Rfe1 Bb7 22. Kf1 Bxd4 23. cxd4 Rxd4 24. Be5 Rd5 25. Rbc1 Bc6 26. Rc3 a5 27. f4 Rf8 28. Re2 g6 29. Ke1 a4 1/2-1/2

[Event "Asker CC-ch Master"]
[Site "Asker"]
[Date "2017.02.13"]
[Round "4"]
[White "Heggelund, Audun"]
[Black "Barker, Daniel"]
[Result "0-1"]
[WhiteElo "1665"]
[BlackElo "1972"]
[PlyCount "118"]
[EventDate "2017.01.09"]
[EventType "tourn"]
[EventRounds "9"]
[EventCountry "NOR"]
[SourceTitle "EXT 2024"]
[Source "ChessBase"]
[SourceDate "2023.10.10"]
[SourceVersion "1"]
[SourceVersionDate "2023.10.10"]
[SourceQuality "1"]

1. c4 e5 2. g3 c6 3. d4 e4 4. Nc3 d5 5. e3 Nf6 6. Nge2 Bd6 7. Qb3 0-0 8. Bd2 dxc4 9. Qxc4 Be6 10. Qa4 Nbd7 11. Bg2 Bd5 12. Nxd5 cxd5 13. Nc3 Nb6 14. Qb3 Qd7 15. 0-0 Rfe8 16. Rfc1 Nc4 17. Be1 Rac8 18. Nxd5 Nxd5 19. Rxc4 Rc6 20. Rac1 f5 21. Bf1 Rb6 22. Qc2 Kf7 23. Qe2 g6 24. R4c2 Kf6 25. Qc4 Ne7 26. Bc3 Nc6 27. Qa4 Re7 28. d5+ Ne5 29. Qxd7 Rxd7 30. Ba5 Nf3+ 31. Kg2 Bb4 32. Bxb6 axb6 33. Rc4 Bd2 34. Rd1 Rxd5 35. Be2 Rb5 36. Bxf3 exf3+ 37. Kxf3 Rxb2 38. a4 g5 39. Rd4 g4+ 40. Kg2 Bxe3 41. Rd6+ Ke5 42. Rd7 Rxf2+ 43. Kh1 Bc5 44. Rxh7 Ra2 45. Rxb7 Rxa4 46. Rbd7 Rc4 47. Kg2 b5 48. R1d2 b4 49. Re2+ Kf6 50. Rb7 Rc3 51. Rb2 Ke5 52. Kf1 Rc1+ 53. Ke2 Rc3 54. Rb8 Kd5 55. Rb7 Kc4 56. Rf7 Re3+ 57. Kd2 Re5 58. Rd7 b3 59. Rd3 Bb4+ 0-1

[Event "Asker CC-ch Master"]
[Site "Asker"]
[Date "2017.01.09"]
[Round "1"]
[White "Lindblom, Roar"]
[Black "Heggelund, Audun"]
[Result "1-0"]
[WhiteElo "1867"]
[BlackElo "1665"]
[PlyCount "57"]
[EventDate "2017.01.09"]
[EventType "tourn"]
[EventRounds "9"]
[EventCountry "NOR"]
[SourceTitle "EXT 2024"]
[Source "ChessBase"]
[SourceDate "2023.10.10"]
[SourceVersion "1"]
[SourceVersionDate "2023.10.10"]
[SourceQuality "1"]

1. d4 f5 2. c4 Nf6 3. g3 e6 4. Bg2 d5 5. Nf3 c6 6. 0-0 Bd6 7. Nc3 0-0 8. Qc2 dxc4 9. e4 fxe4 10. Nd2 b5 11. Ndxe4 Be7 12. Nxb5 Ba6 13. Nbc3 Qxd4 14. Rd1 Qb6 15. Be3 Qc7 16. Ng5 Qe5 17. Bh3 Bc8 18. Bf4 Qa5 19. Bxe6+ Bxe6 20. Nxe6 Nd5 21. Nxf8 Bxf8 22. Qf5 Na6 23. Nxd5 cxd5 24. Rxd5 Qb4 25. Qe6+ Kh8 26. Qxa6 Re8 27. Be5 c3 28. Bxc3 Qe4 29. Re1 1-0

[Event "Asker Autumn Master"]
[Site "Asker"]
[Date "2016.12.05"]
[Round "9"]
[White "Odegaard, Per"]
[Black "Heggelund, Audun"]
[Result "1-0"]
[WhiteElo "1935"]
[BlackElo "1680"]
[PlyCount "57"]
[EventDate "2016.08.29"]
[EventType "tourn"]
[EventRounds "9"]
[EventCountry "NOR"]
[SourceTitle "EXT 2024"]
[Source "ChessBase"]
[SourceDate "2023.10.10"]
[SourceVersion "1"]
[SourceVersionDate "2023.10.10"]
[SourceQuality "1"]

1. e4 e5 2. Nf3 Nc6 3. Bc4 Nf6 4. Ng5 d5 5. exd5 Na5 6. Bb5+ c6 7. dxc6 bxc6 8. Be2 h6 9. Nf3 e4 10. Ne5 Bd6 11. f4 exf3 12. Nxf3 0-0 13. d4 Re8 14. 0-0 Qc7 15. c4 Ng4 16. h3 Ne3 17. Bxe3 Rxe3 18. Nc3 Rb8 19. Qc1 Bf4 20. Qc2 Ba6 21. Nd2 Rbe8 22. Bh5 Nxc4 23. Qf5 Bh2+ 24. Kh1 Rf8 25. Bxf7+ Rxf7 26. Qxf7+ Qxf7 27. Rxf7 Nxd2 28. Rxa7 Bd3 29. Kxh2 1-0

[Event "Asker Autumn Master"]
[Site "Asker"]
[Date "2016.08.29"]
[Round "1"]
[White "Heggelund, Audun"]
[Black "Aulin Jansson, Joran"]
[Result "0-1"]
[WhiteElo "1680"]
[BlackElo "2280"]
[PlyCount "74"]
[EventDate "2016.08.29"]
[EventType "tourn"]
[EventRounds "9"]
[EventCountry "NOR"]
[SourceTitle "EXT 2024"]
[Source "ChessBase"]
[SourceDate "2023.10.10"]
[SourceVersion "1"]
[SourceVersionDate "2023.10.10"]
[SourceQuality "1"]

1. c4 c5 2. g3 g6 3. Bg2 Bg7 4. Nc3 Nc6 5. Nf3 Nf6 6. 0-0 0-0 7. a3 a5 8. d3 Rb8 9. e4 d6 10. h3 Ne8 11. Nb5 Nc7 12. Nc3 b5 13. Nxb5 Nxb5 14. cxb5 Rxb5 15. Qa4 Ba6 16. Rd1 Nd4 17. Nxd4 Bxd4 18. Rb1 Qb6 19. Bd2 Rb8 20. b4 cxb4 21. Be1 bxa3 22. Rxb5 Bxb5 23. Qxa3 a4 24. Bf1 Bd7 25. Kg2 Qb3 26. Ra1 Be6 27. Qxa4 Bxa1 28. Qxa1 Qb1 29. Qa5 Rc8 30. Bd2 Bxh3+ 31. Kf3 Bxf1 32. Qa6 Qd1+ 33. Ke3 Qe2+ 34. Kf4 Qxd2+ 35. Kg4 f5+ 36. exf5 gxf5+ 37. Kxf5 Bxd3+ 0-1

[Event "Asker CC-ch Master"]
[Site "Asker"]
[Date "2016.05.09"]
[Round "9"]
[White "Enersen, Eirik S"]
[Black "Heggelund, Audun"]
[Result "0-1"]
[WhiteElo "1723"]
[BlackElo "1419"]
[PlyCount "118"]
[EventDate "2016.01.11"]
[EventType "swiss"]
[EventRounds "9"]
[EventCountry "NOR"]
[SourceTitle "EXT 2024"]
[Source "ChessBase"]
[SourceDate "2023.10.10"]
[SourceVersion "1"]
[SourceVersionDate "2023.10.10"]
[SourceQuality "1"]

1. e4 e5 2. Nf3 Nc6 3. Nc3 Nf6 4. Bb5 Nd4 5. Nxd4 exd4 6. e5 dxc3 7. exf6 cxd2+ 8. Bxd2 Qxf6 9. 0-0 Bd6 10. Re1+ Kf8 11. Qe2 Qe6 12. Qf3 Qg6 13. Bd3 f5 14. Bxf5 Qf7 15. Be4 Qxf3 16. Bxf3 c6 17. Re4 Kf7 18. Rae1 Rf8 19. Bf4 Bxf4 20. Rxf4+ Kg8 21. Rfe4 d5 22. Re7 Rf7 23. Re8+ Rf8 24. R1e7 Bf5 25. Rxa8 Rxa8 26. c3 Rb8 27. h3 Kf8 28. Rc7 Kg8 29. Kh2 a5 30. Kg3 Kf8 31. Bg4 Bxg4 32. Kxg4 Kg8 33. f4 a4 34. Kf3 a3 35. b4 Kf8 36. g3 h5 37. h4 g6 38. Ke3 Re8+ 39. Kf3 Re7 40. Rc8+ Re8 41. Rxe8+ Kxe8 42. g4 Ke7 43. gxh5 gxh5 44. Ke3 Ke6 45. Kd4 b6 46. f5+ Kxf5 47. b5 cxb5 48. Kxd5 Kg4 49. Ke4 Kxh4 50. Kf4 Kh3 51. Kf3 h4 52. Kf2 Kg4 53. Kg2 Kf4 54. Kh3 Ke4 55. Kxh4 Kd3 56. Kg3 Kxc3 57. Kf3 b4 58. Ke2 b3 59. axb3 a2 0-1

[Event "Asker CC-ch Master"]
[Site "Asker"]
[Date "2016.04.25"]
[Round "8"]
[White "Heggelund, Audun"]
[Black "Rambo, Jan Bjarne"]
[Result "0-1"]
[WhiteElo "1419"]
[BlackElo "1704"]
[PlyCount "96"]
[EventDate "2016.01.11"]
[EventType "swiss"]
[EventRounds "9"]
[EventCountry "NOR"]
[SourceTitle "EXT 2024"]
[Source "ChessBase"]
[SourceDate "2023.10.10"]
[SourceVersion "1"]
[SourceVersionDate "2023.10.10"]
[SourceQuality "1"]

1. e4 e5 2. Nf3 Nc6 3. d4 exd4 4. Nxd4 Bb4+ 5. c3 Be7 6. Be3 Nf6 7. Nf5 0-0 8. Nd2 d5 9. Nxe7+ Qxe7 10. exd5 Nxd5 11. Qf3 Nxe3 12. fxe3 Re8 13. e4 Ne5 14. Qf4 f5 15. 0-0-0 Ng6 16. Bc4+ Kh8 17. Qg3 Qc5 18. Bf7 f4 19. Qd3 Ne5 20. Qd5 Qxd5 21. Bxd5 Nd3+ 22. Kc2 Nf2 23. Rhf1 Nxd1 24. Kxd1 Rf8 25. Kc2 c6 26. Bc4 Bg4 27. e5 Rae8 28. Re1 Be6 29. Bxe6 Rxe6 30. Nf3 Rfe8 31. Rd1 h6 32. h4 Kg8 33. Rd7 R8e7 34. Rd4 g5 35. hxg5 hxg5 36. Nxg5 Rxe5 37. Nf3 Re4 38. Rd8+ Kg7 39. Nd4 Kf6 40. Rf8+ Rf7 41. Rd8 c5 42. Nb3 Re2+ 43. Rd2 Rxd2+ 44. Kxd2 Rg7 45. Nxc5 Rxg2+ 46. Kc1 f3 47. Ne4+ Ke5 48. Nd2 Kf4 0-1

[Event "Asker CC-ch Master"]
[Site "Asker"]
[Date "2016.03.14"]
[Round "5"]
[White "Pettersen, Kjell F"]
[Black "Heggelund, Audun"]
[Result "1-0"]
[WhiteElo "1653"]
[BlackElo "1419"]
[PlyCount "121"]
[EventDate "2016.01.11"]
[EventType "swiss"]
[EventRounds "9"]
[EventCountry "NOR"]
[SourceTitle "EXT 2024"]
[Source "ChessBase"]
[SourceDate "2023.10.10"]
[SourceVersion "1"]
[SourceVersionDate "2023.10.10"]
[SourceQuality "1"]

1. Nf3 f5 2. d3 Nf6 3. e4 fxe4 4. dxe4 Nxe4 5. Bd3 Nf6 6. Ng5 e6 7. Bxh7 Bb4+ 8. c3 Bc5 9. Bg6+ Ke7 10. Nf7 Qf8 11. Nxh8 Qxh8 12. Qf3 Nc6 13. Be3 Bd6 14. Bf4 Bxf4 15. Qxf4 e5 16. Qg3 d6 17. Nd2 Qh6 18. Bc2 Be6 19. Qg6 Qh8 20. Bb3 d5 21. 0-0-0 Rf8 22. Qg5 Kd7 23. f3 Kc8 24. Bc2 Nd7 25. Nb3 Qg8 26. Qe3 Nb6 27. Nc5 Nc4 28. Qd3 Bf5 29. Qxd5 Bxc2 30. Qd7+ Kb8 31. Kxc2 Ne3+ 32. Kc1 Rd8 33. Qe6 Rxd1+ 34. Rxd1 Qxe6 35. Nxe6 Nxd1 36. Kxd1 g6 37. Nf8 Ne7 38. Nd7+ Kc8 39. Nxe5 c6 40. Kd2 Kc7 41. Kd3 Kd6 42. Ke4 Ke6 43. h4 Kf6 44. Nd7+ Kf7 45. g4 Nd5 46. f4 Kg7 47. f5 gxf5+ 48. Kxf5 Ne3+ 49. Kf4 Nd5+ 50. Ke5 Ne3 51. Kd6 Nxg4 52. Kc7 Ne3 53. Kxb7 Nf5 54. Kxa7 Nxh4 55. Kb6 Nf5 56. a4 Kf7 57. a5 Ke7 58. Kxc6 Kd8 59. a6 Ne7+ 60. Kb7 Nc8 61. a7 1-0

[Event "Asker CC-ch Master"]
[Site "Asker"]
[Date "2016.02.08"]
[Round "3"]
[White "Heggelund, Audun"]
[Black "Lilleseth, Eivind"]
[Result "1-0"]
[WhiteElo "1419"]
[BlackElo "1582"]
[PlyCount "91"]
[EventDate "2016.01.11"]
[EventType "swiss"]
[EventRounds "9"]
[EventCountry "NOR"]
[SourceTitle "EXT 2024"]
[Source "ChessBase"]
[SourceDate "2023.10.10"]
[SourceVersion "1"]
[SourceVersionDate "2023.10.10"]
[SourceQuality "1"]

1. e4 e5 2. Nf3 Nc6 3. d4 exd4 4. Nxd4 Qf6 5. Be3 Bb4+ 6. c3 Ba5 7. Bc4 Qg6 8. Nxc6 bxc6 9. Qf3 Nf6 10. Nd2 Bb6 11. Bd4 Bxd4 12. cxd4 0-0 13. 0-0 Qg5 14. Rad1 d5 15. Be2 Rb8 16. b3 h6 17. e5 Nh7 18. Qg3 Qe7 19. Rc1 Rb6 20. f4 Bf5 21. Bd3 Qe6 22. Rc3 f6 23. Bxf5 Qxf5 24. Rfc1 fxe5 25. fxe5 Qe6 26. Nf3 Rf7 27. Rc5 Nf8 28. Qe1 Nd7 29. Ra5 a6 30. Qe2 Nb8 31. Qd3 Rf4 32. Rf1 Rb5 33. Rxb5 cxb5 34. Nd2 Rxf1+ 35. Qxf1 Nc6 36. Nf3 Qg4 37. Qd3 Kf7 38. a4 Ke6 39. axb5 axb5 40. Qc3 Kd7 41. Qc5 Qe4 42. Qxb5 g5 43. e6+ Qxe6 44. Ne5+ Kc8 45. Qxc6 Qf5 46. Qa8# 1-0

[Event "Asker CC-ch Master"]
[Site "Asker"]
[Date "2016.01.11"]
[Round "1"]
[White "Heggelund, Audun"]
[Black "Grondahl, David A"]
[Result "1-0"]
[WhiteElo "1419"]
[BlackElo "1400"]
[PlyCount "61"]
[EventDate "2016.01.11"]
[EventType "swiss"]
[EventRounds "9"]
[EventCountry "NOR"]
[SourceTitle "EXT 2024"]
[Source "ChessBase"]
[SourceDate "2023.10.10"]
[SourceVersion "1"]
[SourceVersionDate "2023.10.10"]
[SourceQuality "1"]

1. c4 Nf6 2. g3 e5 3. Bg2 c6 4. d4 exd4 5. Qxd4 Na6 6. a3 Be7 7. b4 c5 8. Qe3 cxb4 9. Bd2 0-0 10. axb4 Nxb4 11. Bxb4 Bxb4+ 12. Nd2 Re8 13. Qd4 d6 14. Ngf3 Bc5 15. Qd3 Qe7 16. e3 Ng4 17. Nd4 Ne5 18. Qc3 a6 19. 0-0 Be6 20. Nxe6 fxe6 21. Rab1 Rab8 22. Rfd1 Rec8 23. Ne4 b5 24. cxb5 axb5 25. Bh3 Nc4 26. Qb3 d5 27. Nc3 b4 28. Nxd5 exd5 29. Rxd5 Rc7 30. Qxc4 Rf8 31. Rd7+ 1-0

[Event "Asker Host A"]
[Site "Asker"]
[Date "2015.10.20"]
[Round "5"]
[White "Omland, Harald"]
[Black "Heggelund, Audun"]
[Result "0-1"]
[WhiteElo "1579"]
[BlackElo "1565"]
[PlyCount "92"]
[EventDate "2015.09.21"]
[EventType "swiss"]
[EventRounds "9"]
[EventCountry "NOR"]
[SourceTitle "EXT 2023"]
[Source "ChessBase"]
[SourceDate "2022.10.05"]
[SourceVersion "1"]
[SourceVersionDate "2022.10.05"]
[SourceQuality "1"]

1. f4 f5 2. e4 d6 3. Bd3 e6 4. Nf3 Nc6 5. 0-0 g6 6. exf5 gxf5 7. Re1 Nge7 8. Ng5 e5 9. Qh5+ Ng6 10. Nxh7 Rg8 11. Bxf5 Bxf5 12. Qxf5 Be7 13. Qe6 Rg7 14. Nf6+ Kf8 15. fxe5 Ngxe5 16. Rf1 Rf7 17. Nh7+ Kg7 18. Rxf7+ Nxf7 19. b4 Qg8 20. b5 Qxh7 21. Bb2+ Kf8 22. bxc6 bxc6 23. Na3 Re8 24. Re1 Ng5 25. Rf1+ Nf7 26. Rf3 Qh5 27. g4 Qh7 28. Qf5 Qxf5 29. Rxf5 Bg5 30. Bc3 Re2 31. Rf2 Re1+ 32. Kg2 Ke7 33. Kg3 Rg1+ 34. Kf3 Kd7 35. Rg2 Rf1+ 36. Kg3 Bf4+ 37. Kh4 Ng5 38. Kh5 Rf3 39. Bf6 Ne4 40. g5 Rxa3 41. Bb2 Ra5 42. h4 Ke6 43. d3 Ng3+ 44. Kg4 Nf5 45. Kxf4 Nxh4 46. g6 Nxg2+ 0-1

[Event "Asker CC-ch A"]
[Site "Asker"]
[Date "2015.05.18"]
[Round "9"]
[White "Lindfors, Bjorn"]
[Black "Heggelund, Audun"]
[Result "0-1"]
[WhiteElo "1112"]
[BlackElo "1400"]
[PlyCount "44"]
[EventDate "2015.02.23"]
[EventType "swiss"]
[EventRounds "9"]
[EventCountry "NOR"]
[SourceTitle "EXT 2023"]
[Source "ChessBase"]
[SourceDate "2022.10.05"]
[SourceVersion "1"]
[SourceVersionDate "2022.10.05"]
[SourceQuality "1"]

1. e4 c5 2. Nc3 d6 3. Bc4 Nf6 4. Nge2 Nc6 5. 0-0 a6 6. a4 e6 7. d4 cxd4 8. Nxd4 Be7 9. Kh1 0-0 10. f4 d5 11. Nxc6 bxc6 12. Bd3 d4 13. Ne2 c5 14. Ng3 Rb8 15. Nh5 Bb7 16. Nxf6+ Bxf6 17. Qh5 Be7 18. e5 g6 19. Qh6 Qd5 20. Rf3 c4 21. Bxc4 Qxc4 22. Rh3 Qf1# 0-1

[Event "Asker CC-ch"]
[Site "Asker"]
[Date "2014.03.31"]
[Round "7"]
[White "Benn, Neil"]
[Black "Heggelund, Audun"]
[Result "1-0"]
[WhiteElo "1565"]
[BlackElo "1417"]
[PlyCount "43"]
[EventDate "2014.01.13"]
[EventType "swiss"]
[EventRounds "9"]
[EventCountry "NOR"]
[SourceTitle "EXT 2017"]
[Source "ChessBase"]
[SourceDate "2016.10.25"]
[SourceVersion "1"]
[SourceVersionDate "2016.10.25"]
[SourceQuality "1"]

1. e4 d5 2. exd5 Qxd5 3. d4 Nc6 4. Nf3 Bg4 5. Nc3 Qd7 6. d5 Bxf3 7. Qxf3 Nd4 8. Qe4 c5 9. Be3 Nf6 10. Qe5 a6 11. 0-0-0 Ng4 12. Qf4 Nxe3 13. fxe3 Qf5 14. Rxd4 Qg6 15. Rd2 e5 16. Qxe5+ Kd7 17. d6 b6 18. Bd3 Qh6 19. Bf5+ Kd8 20. Qd5 Ra7 21. Qc6 Bxd6 22. Rxd6+ 1-0

[Event "Asker CC-ch"]
[Site "Asker"]
[Date "2014.01.13"]
[Round "1"]
[White "Erlendson, Audun"]
[Black "Heggelund, Audun"]
[Result "1-0"]
[WhiteElo "1260"]
[BlackElo "1417"]
[PlyCount "53"]
[EventDate "2014.01.13"]
[EventType "swiss"]
[EventRounds "9"]
[EventCountry "NOR"]
[SourceTitle "EXT 2017"]
[Source "ChessBase"]
[SourceDate "2016.10.25"]
[SourceVersion "1"]
[SourceVersionDate "2016.10.25"]
[SourceQuality "1"]

1. e4 c5 2. Nf3 d6 3. d4 cxd4 4. Nxd4 Nf6 5. Nc3 g6 6. Bc4 Bg7 7. Be3 Nc6 8. Bb3 Bd7 9. Qd2 Ng4 10. h3 Nxe3 11. fxe3 0-0 12. 0-0-0 a5 13. a3 Ne5 14. Nf3 b5 15. Nxe5 Bxe5 16. Nd5 Re8 17. g4 Be6 18. g5 Qb8 19. h4 b4 20. a4 Qb7 21. h5 Bg4 22. hxg6 hxg6 23. Rdf1 Kg7 24. Rxf7+ Kg8 25. Rhh7 Rf8 26. Nf6+ Bxf6 27. Rfg7# 1-0

[Event "Asker Autumn"]
[Site "Asker"]
[Date "2013.10.14"]
[Round "4"]
[White "Aulin Jansson, Joran"]
[Black "Heggelund, Audun"]
[Result "1-0"]
[WhiteElo "2198"]
[BlackElo "1422"]
[PlyCount "39"]
[EventDate "2013.09.16"]
[EventType "tourn"]
[EventRounds "9"]
[EventCountry "NOR"]
[SourceTitle "EXT 2023"]
[Source "ChessBase"]
[SourceDate "2022.10.05"]
[SourceVersion "1"]
[SourceVersionDate "2022.10.05"]
[SourceQuality "1"]

1. e4 d5 2. Nc3 d4 3. Nce2 e5 4. Nf3 Bd6 5. Ng3 Nf6 6. Bc4 h6 7. 0-0 0-0 8. d3 c5 9. a4 Nc6 10. h3 Bd7 11. Nh2 Na5 12. Ba2 Qe8 13. Ng4 Nxg4 14. hxg4 b6 15. Nf5 Bc7 16. g5 Be6 17. gxh6 Bxa2 18. hxg7 f6 19. gxf8Q+ Kxf8 20. Bh6+ 1-0

[Event "Asker CC-ch"]
[Site "Asker"]
[Date "2013.01.14"]
[Round "1"]
[White "Holler, Ole Jakob"]
[Black "Heggelund, Audun"]
[Result "0-1"]
[WhiteElo "1269"]
[BlackElo "1423"]
[PlyCount "93"]
[EventDate "2013.01.14"]
[EventType "swiss"]
[EventRounds "9"]
[EventCountry "NOR"]
[SourceTitle "EXT 2024"]
[Source "ChessBase"]
[SourceDate "2023.10.10"]
[SourceVersion "1"]
[SourceVersionDate "2023.10.10"]
[SourceQuality "1"]

1. b3 e5 2. e3 Nf6 3. d3 d5 4. Bb2 Bd6 5. Nd2 0-0 6. Be2 Bf5 7. a3 Re8 8. Ngf3 h6 9. h3 c6 10. g4 Bh7 11. Rg1 e4 12. Bxf6 Qxf6 13. Nd4 Be5 14. dxe4 c5 15. N2f3 cxd4 16. Nxe5 Qxe5 17. Qxd4 Qxd4 18. exd4 Bxe4 19. Rg3 Nc6 20. c3 Re7 21. Kd2 Rae8 22. b4 Bc2 23. Bf3 Bb3 24. h4 g6 25. a4 Bc4 26. a5 b5 27. axb6 axb6 28. Rgg1 Ra7 29. Rxa7 Nxa7 30. Re1 Rxe1 31. Kxe1 Nb5 32. Kd2 Kg7 33. Bd1 f5 34. gxf5 g5 35. h5 Kf6 36. Bg4 Nd6 37. f3 Nxf5 38. Ke1 Bd3 39. Kf2 Ng7 40. Ke3 Bf5 41. Kd2 Bxg4 42. fxg4 Ne8 43. Kd3 b5 44. Ke3 Ke6 45. Kf3 Nf6 46. Ke3 Nxg4+ 47. Kf3 0-1

[Event "Asker Autumn"]
[Site "Asker"]
[Date "2012.11.19"]
[Round "8"]
[White "Benn, Neil"]
[Black "Heggelund, Audun"]
[Result "1-0"]
[WhiteElo "1622"]
[BlackElo "1425"]
[PlyCount "57"]
[EventDate "2012.08.27"]
[EventType "tourn"]
[EventRounds "9"]
[EventCountry "NOR"]
[SourceTitle "EXT 2023"]
[Source "ChessBase"]
[SourceDate "2022.10.05"]
[SourceVersion "1"]
[SourceVersionDate "2022.10.05"]
[SourceQuality "1"]

1. e4 c5 2. Nf3 d6 3. d4 cxd4 4. c3 d3 5. Bxd3 Nf6 6. 0-0 g6 7. Qe2 Nc6 8. h3 Bg7 9. c4 0-0 10. Nc3 Nd7 11. Be3 Nde5 12. Nxe5 Nxe5 13. Rad1 Be6 14. Nd5 b6 15. Bb1 Rc8 16. b3 Nd7 17. Bg5 Bxd5 18. exd5 Bf6 19. Bxf6 Nxf6 20. f4 Nh5 21. Rd3 Qd7 22. f5 Ng7 23. Rg3 Kh8 24. Qb2 f6 25. fxg6 Nh5 26. Rg5 Ng7 27. Rg4 e5 28. Qd2 Ne8 29. Bf5 1-0

[Event "Asker Autumn"]
[Site "Asker"]
[Date "2012.11.12"]
[Round "3"]
[White "Heggelund, Audun"]
[Black "Rostad, Rolf"]
[Result "0-1"]
[WhiteElo "1425"]
[BlackElo "1717"]
[PlyCount "74"]
[EventDate "2012.08.27"]
[EventType "tourn"]
[EventRounds "9"]
[EventCountry "NOR"]
[SourceTitle "EXT 2023"]
[Source "ChessBase"]
[SourceDate "2022.10.05"]
[SourceVersion "1"]
[SourceVersionDate "2022.10.05"]
[SourceQuality "1"]

1. c4 e5 2. g3 Nf6 3. Bg2 d5 4. cxd5 Nxd5 5. Nc3 Be6 6. e4 Nb6 7. Nge2 Nc6 8. a3 Be7 9. 0-0 0-0 10. Qc2 Qd7 11. Rd1 a5 12. Qb1 Bb3 13. Re1 Rad8 14. Nd5 Nxd5 15. exd5 Bxd5 16. Nc3 Bxg2 17. Kxg2 Bc5 18. Qe4 Qc8 19. Qh4 Rd4 20. Re4 Rd6 21. d3 Qf5 22. Be3 Bxe3 23. Rxe3 Rxd3 24. Rxd3 Qxd3 25. Ne4 f6 26. Kg1 Nd4 27. Nc5 Qb5 28. Qe4 Qxc5 29. Rd1 c6 30. h4 Qc4 31. Qb1 Rd8 32. Kh2 Qe2 33. Qa2+ Kf8 34. Rxd4 Rxd4 35. Qe6 Qxf2+ 36. Kh3 Qf1+ 37. Kh2 Rd2# 0-1

[Event "Asker Autumn"]
[Site "Asker"]
[Date "2012.10.15"]
[Round "6"]
[White "Pettersen, Kjell F"]
[Black "Heggelund, Audun"]
[Result "1-0"]
[WhiteElo "1569"]
[BlackElo "1425"]
[PlyCount "29"]
[EventDate "2012.08.27"]
[EventType "tourn"]
[EventRounds "9"]
[EventCountry "NOR"]
[SourceTitle "EXT 2023"]
[Source "ChessBase"]
[SourceDate "2022.10.05"]
[SourceVersion "1"]
[SourceVersionDate "2022.10.05"]
[SourceQuality "1"]

1. d4 f5 2. Bg5 g6 3. Nc3 Bg7 4. h4 Nf6 5. e3 d5 6. Bd3 Be6 7. Nge2 c6 8. f3 Qb6 9. e4 fxe4 10. fxe4 dxe4 11. Nxe4 Bg4 12. Qd2 Nxe4 13. Bxe4 Rf8 14. Bxe7 Rf2 15. Kxf2 1-0